Les 10 pays qui ont les meilleurs supporters au foot - Statistiques

Statistiques générales
  • Ce quiz a été pris 805 fois
  • Le résultat moyen est 8 sur 10
Statistiques - réponses
Hint Réponse % Correct
5 France
100%
8 Espagne
95%
3 Allemagne
91%
1 Brésil
88%
7 Italie
87%
4 Argentine
86%
2 Angleterre
85%
6 Portugal
85%
10 Belgique
68%
9 Maroc
61%
Aucun quiz correspondant
Distribution des résultats
% des personnes avec chaque résultat
Percentile par nombre de réponses
Votre historique - résultats
Vous n’avez pas pris ce quiz